Pasos hacia la cumbre del éxito /
Obra que se describen los factores que permiten el éxito, sea cualquiera el objetivo personal que cada persona considere como tal. Parte de la premisa de que el éxito puede alcanzarse si todos los días se generan pensamientos positivos; éstos son la base de estímulos cotidianos sólidos que, con los...
Guardat en:
| Autor principal: | |
|---|---|
| Format: | Llibre |
| Idioma: | espanyol |
| Publicat: |
Bogotá, Colombia :
Norma,
1986, c1986
|
| Col·lecció: | (Superación Personal Norma)
|
| Matèries: | |
| Etiquetes: |
Sense etiquetes, Sigues el primer a etiquetar aquest registre!
|
MARC
| LEADER | 00000nam^a2200000^a^4500 | ||
|---|---|---|---|
| 001 | 000343999 | ||
| 005 | 20250521000000.0 | ||
| 009 | 20260310114637.199 | ||
| 020 | |a 958-04-1229-4 | ||
| 037 | |a Acervo ITESO - Biblioteca | ||
| 041 | |a ESP | ||
| 082 | |a 158. 1 |b ZIG | ||
| 100 | |a Ziglar, Zig |e (autor) | ||
| 245 | 1 | 0 | |a Pasos hacia la cumbre del éxito / |c Z. Ziglar ; tr. por Manuel Ravassa G. |
| 264 | 4 | |a Bogotá, Colombia : |b Norma, |c 1986, c1986 | |
| 300 | |a 307 p. | ||
| 336 | |a texto |b txt |2 rdacontenido | ||
| 337 | |a sin mediación |b n |2 rdamedio | ||
| 338 | |a volumen |b nc |2 rdasoporte | ||
| 440 | 1 | |a (Superación Personal Norma) | |
| 500 | |a Traducción de: Steps to the Top | ||
| 520 | |a Obra que se describen los factores que permiten el éxito, sea cualquiera el objetivo personal que cada persona considere como tal. Parte de la premisa de que el éxito puede alcanzarse si todos los días se generan pensamientos positivos; éstos son la base de estímulos cotidianos sólidos que, con los pasos de acción sugeridos en el libro, traen efectos duraderos. | ||
| 649 | |a XX | ||
| 650 | |a Amor | ||
| 650 | |a Valores | ||
| 650 | |a Toma de Decisiones | ||
| 650 | |a Disciplina | ||
| 650 | |a Optimismo | ||
| 650 | |a Motivación - |x Tema Principal | ||
| 650 | |a Felicidad | ||
| 650 | |a Calidad de Vida | ||
| 650 | |a Superación Personal y Autoayuda - |x Tema Principal | ||
| 650 | |a Desarrollo Humano | ||
| 650 | |a Psicología Positiva | ||
| 910 | |a Fondo General | ||
| 920 | |a Impresos - Libros | ||
| 930 | |a Colección General | ||
| 905 | |a 101 | ||
| 901 | |a 0500234381 |b IT1 |c ACC |i D63754 |u 20250521 | ||
| 902 | |a https://opac.biblio.iteso.mx/vufind/Record/000343999 | ||